| 000 | 00543nam a22001937a 4500 | ||
|---|---|---|---|
| 003 | OSt | ||
| 005 | 20250704090547.0 | ||
| 008 | 250704b |||||||| |||| 00| 0 eng d | ||
| 020 | _a978-0-13-831771-3 | ||
| 040 |
_aDWC-Main Lib _cOC |
||
| 082 | _aCirc. 006.6 C559c 2024 | ||
| 100 | _aChun, Russell | ||
| 245 |
_aClassroom in a book/ _cRussell Chun |
||
| 260 |
_aUSA: _bAdobe, _cc2024. |
||
| 300 |
_ax, 469 pages: _billustrations; _c23 cm. |
||
| 504 | _aIncludes index. | ||
| 650 | _a1. Computer graphics. | ||
| 942 |
_2ddc _cBK-CIRC _kCirc. _n0 |
||
| 999 |
_c3411 _d3411 |
||